000 00609nam a2200229Ia 4500
003 OSt
005 20220928104342.0
006 a|||||r|||| 00| 0
007 ta
008 220927b |||||||| |||| 00| 0 eng d
024 _a8634
037 _cTextual
040 _aSDCL
_cSDCL
_beng
041 _2eng
_aeng
082 _aO152,3M:g, N8
100 _aJain Gyanchand
_9410077
245 0 _aPremchand-poorva ke Hindi upanyaas.
260 _aDelhi
_bArya Prakashan Mandal
_c1998
300 _a279p
_ccm.
942 _hO152,3M:g, N8
_cTEXL
_2CC
999 _c725658
_d725658